El aprendizaje basado en el pensamiento: cómo desarrollar en los alumnos las competencias del siglo XXI
保存先:
| 主要な著者: | , , , , |
|---|---|
| フォーマット: | 図書 |
| 言語: | スペイン語 |
| 出版事項: |
Barcelona, España.
Ediciones SM,
2015
|
| 版: | 4a. ed |
| シリーズ: | Biblioteca Innovación Educativa
|
| 主題: | |
| タグ: |
タグ追加
タグなし, このレコードへの初めてのタグを付けませんか!
|
MARC
| LEADER | 00000cam a2200000 a 4500 | ||
|---|---|---|---|
| 001 | UCD7035 | ||
| 003 | CL-VaPUC | ||
| 005 | 20230614160714.0 | ||
| 008 | 170303e20151100sp |||||||||||||||||spa|d | ||
| 020 | |a 9788467556124 | ||
| 040 | |c Pontificia Universidad Católica de Valparaíso | ||
| 082 | 0 | 4 | |a 370.152 SWA 2015 |2 21 |
| 100 | 0 | |a Swartz, Robert J |e author |9 245667 | |
| 245 | 1 | 3 | |a El aprendizaje basado en el pensamiento: cómo desarrollar en los alumnos las competencias del siglo XXI |
| 250 | |a 4a. ed | ||
| 260 | |a Barcelona, España. |b Ediciones SM, |c 2015 | ||
| 300 | |a 283 páginas | ||
| 490 | 0 | |a Biblioteca Innovación Educativa | |
| 583 | |a last modification |c 20170303 17:35:00 |k Rodrigo Vera | ||
| 650 | 0 | |a Metacognición |2 CL-VaPUC |9 423942 | |
| 650 | 0 | |a Procesos de aprendizaje |9 309161 | |
| 650 | 0 | |a Pensamiento crítico |9 455560 | |
| 650 | 0 | |a Competencias en educación |2 CL-VaPUC |9 523984 | |
| 700 | 0 | |a Costa, Arthur L |e author |9 590982 | |
| 700 | 0 | |a Beyer, Barry K |e author |9 590983 | |
| 700 | 0 | |a Reagan, Rebecca |e author |9 590984 | |
| 700 | 0 | |a Kallick, Bena |e author |9 590985 | |
| 942 | |c BK |2 ddc | ||
| 945 | |d 20170303 17:35:00 |a arojas | ||
| 999 | |c 367202 |d 367200 | ||
| 952 | |0 0 |1 0 |3 erb |4 0 |6 370_152000000000000_SWA_2015 |7 0 |8 A |9 481900 |a BIBHIS |b BIBHIS |i 5362423 |l 3 |o 370.152 SWA 2015 |p 5362423 |r 2025-01-20 |s 2022-04-22 |w 2019-11-24 |y BK |z Catalogado en:20170303 |k HIS | ||
| 952 | |0 0 |1 0 |2 ddc |3 erb |4 0 |6 370_152000000000000_SWA_2015 |7 0 |8 A |9 481901 |a BIBHIS |b BIBHIS |d 2019-10-15 |e 78 |g 16000.00 |i 5564166 |l 4 |m 3 |o 370.152 SWA 2015 |p 5564166 |r 2025-01-20 |s 2024-12-04 |v 16000.00 |w 2019-11-24 |y BK |z Catalogado en:20191018 |k HIS | ||